| 000 | 00667am a2200241a 44500 | ||
|---|---|---|---|
| 003 | AR-BaBNM | ||
| 005 | 20251128210954.0 | ||
| 008 | 020423s2001 Arg|||||||||||000 | esp|| | ||
| 020 | _a950-23-1210-4 | ||
| 040 | _cAR-BaBNM | ||
| 110 | 2 |
_aUniversidad de Buenos Aires _bSecretaría de Asuntos Académicos |
|
| 245 | 1 | 0 |
_aGuía _bestudios de posgrado 2002 |
| 250 | _a1ª ed. | ||
| 260 |
_aBuenos Aires _bUniversidad de Buenos Aires _c2001 |
||
| 300 | _a525 p. | ||
| 650 | 4 | _aUNIVERSIDADES ESTATALES | |
| 650 | 4 | _aINSTITUTOS UNIVERSITARIOS | |
| 650 | 4 | _aESTUDIOS DE POSTGRADO | |
| 651 | 4 | _aArgentina | |
| 655 | _aREFERENCIA | ||
| 942 | _cBK | ||
| 998 | _claura | ||
| 999 |
_c17699 _d17699 |
||